[Event "Provence-ch prom Meyreuil 9596"]
[Site "France"]
[Date "1995.??.??"]
[Round "6"]
[White "Pieri, Thierry"]
[Black "Osman, Mehdi"]
[Result "1/2-1/2"]
[WhiteElo "1710"]
[BlackElo "1740"]
[PlyCount "84"]
[EventDate "1995.??.??"]
[EventType "tourn"]
[EventRounds "9"]
[EventCountry "FRA"]
[SourceTitle "EXT 2005"]
[Source "ChessBase"]
[SourceDate "2004.11.15"]
[SourceVersion "1"]
[SourceVersionDate "2004.11.15"]
[SourceQuality "1"]

1. e4 d6 2. d4 Nf6 3. Nc3 g6 4. Be2 Bg7 5. h4 h5 6. Bg5 Nbd7 7. Qd2 c5 8. d5 a6 9. f3 b5 10. Nh3 b4 11. Nd1 a5 12. a3 Ba6 13. 0-0 Bxe2 14. Qxe2 Qc7 15. axb4 cxb4 16. c3 0-0 17. Qd2 Rfb8 18. Bh6 Bh8 19. cxb4 Rxb4 20. Qxb4 axb4 21. Rxa8+ Nb8 22. Ndf2 Bg7 23. Be3 Nfd7 24. Rc1 Nc5 25. Bxc5 dxc5 26. Nd3 c4 27. Ra4 Qb6+ 28. Ndf2 Qb5 29. b3 cxb3 30. Rc8+ Bf8 31. Ra8 b2 32. Raxb8 b1Q+ 33. Kh2 Qxb8+ 34. Rxb8 b3 35. Nf4 Qc2 36. N2d3 Kg7 37. e5 Qc4 38. Kg3 Qc3 39. Kh3 Qc2 40. g4 hxg4+ 41. fxg4 Qc3 42. g5 Qc2 1/2-1/2